000 01029cam a22003014a 4500
001 7882110
005 20170105102349.0
006 m d
007 cr n
008 060705s2006 gw a sb 001 0 eng d
020 _a9783540233381 (acidfree paper)
020 _a3540233385 (acidfree paper)
035 _a(WaSeSS)ssj0000269698
040 _aDLC
_cDLC
_dDLC
_dWaSeSS
082 _a025.0422 MAS
210 1 0 _aWeb archiving
245 0 0 _aWeb archiving
_cJulien Masanes
260 _aBerlin ;
_aNew York :
_bSpringer,
_cc2006.
300 _a234p. :
_c24 cm
504 _aIncludes bibliographical references and index.
506 _aLicense restrictions may limit access.
650 0 _aWeb archiving.
700 1 _aMasanès, Julien.
773 0 _tSpringerLink ebooks - Computer Science (2006)
856 4 0 _uhttp://www.columbia.edu/cgi-bin/cul/resolve?clio7882110
_zFull text available from SpringerLink ebooks - Computer Science (2006)
910 _aLibrary of Congress record
942 _2ddc
_cBK
999 _c11863
_d11863